Parry's valuation and investment tables. (Record no. 121366)
[ view plain ]
| 000 -LEADER | |
|---|---|
| fixed length control field | 03183nam a22004218i 4500 |
| 001 - CONTROL NUMBER | |
| control field | BDZ0040027548 |
| 003 - CONTROL NUMBER IDENTIFIER | |
| control field | StDuBDS |
| 005 - DATE AND TIME OF LATEST TRANSACTION | |
| control field | 20231212142116.0 |
| 006 - FIXED-LENGTH DATA ELEMENTS--ADDITIONAL MATERIAL CHARACTERISTICS--GENERAL INFORMATION | |
| fixed length control field | m|||||o||d|||||||| |
| 007 - PHYSICAL DESCRIPTION FIXED FIELD--GENERAL INFORMATION | |
| fixed length control field | cr ||||||||||| |
| 008 - FIXED-LENGTH DATA ELEMENTS--GENERAL INFORMATION | |
| fixed length control field | 230206s2019 enka fo 000|0|eng|d |
| 020 ## - INTERNATIONAL STANDARD BOOK NUMBER | |
| ISBN | 9781000617504 (PDF ebook) : |
| Terms of availability | 44.99 |
| 040 ## - CATALOGING SOURCE | |
| Original cataloging agency | StDuBDS |
| 050 #0 - Library of Congress Classification | |
| Class mark | HD1387 |
| 082 04 - DEWEY DECIMAL CLASSIFICATION NUMBER | |
| Classification number | 650.01513 |
| 245 00 - TITLE STATEMENT | |
| Title | Parry's valuation and investment tables. |
| Medium | [electronic resource]. |
| 246 30 - VARIANT TITLE | |
| Title | Valuation and investment tables |
| 250 ## - EDITION | |
| Edition statement | 14th edition |
| 264 #1 - PRODUCTION, PUBLICATION, DISTRIBUTION, MANUFACTURE, AND COPYRIGHT NOTICE | |
| Place of production, publication, distribution, manufacture | London : |
| Name of producer, publisher, distributor, manufacturer | Routledge, |
| Date of production, publication, distribution, manufacture, or copyright notice | 2019. |
| 300 ## - PHYSICAL DESCRIPTION | |
| Physical description | 1 online resource (508 pages) : |
| Other physical details | illustrations (colour) |
| 500 ## - GENERAL NOTE | |
| General note | Previous edition: 2013. |
| 500 ## - GENERAL NOTE | |
| General note | ebook licence has an unlimited user licence for RICS members due to popularity of this title. |
| 505 0# - CONTENTS | |
| Contents | Foreword - Preface - The Construction and Use of the Tables - Tables without Allowance for Tax - Conversion Tables - Tables with Allowance for Tax - Years' Purchase Quarterly in Advance Tables - Years' Purchase Annually in Arrear Tables |
| 520 8# - ABSTRACT | |
| Abstract | First published in 1913, Richard Parry's Valuation and Investment Tables has since become an essential tool for students and professionals in the study and practice of valuation and appraisal. That the book reached its centenary year in print and now fourteenth edition is a testament to its acclaim by the valuation and property professionals in an era of calculators and computers, and furthermore a tribute to the historical importance of Parry's original vision and continued legacy.The purpose of the book is to provide a comprehensive range of different valuation and investment tables in one volume. Although many of the tables will be used by practicing surveyors for valuation purposes, they will also be useful to accountants and others concerned with various types of investment and financial calculations.Surveyors valuing freehold or leasehold interests in property have the choice of using either (a) annually in arrear, or (b) quarterly in advance figures of years' purchase. The relevant tables for each concept are printed on different coloured edged pages for ease of reference.In practice today, calculations are required for a variety of purposes which often justify more than one approach. To allow for this, Internal Rates of Return tables have been retained. Using these tables, both growth and non-growth scenarios can be analysed for more detailed appraisal of specific freehold properties and to provide a basis for more in-depth investment advice. |
| 650 #0 - KEYWORDS | |
| Keywords | Real property |
| 650 #0 - KEYWORDS | |
| Keywords | VALUATION |
| 650 #7 - KEYWORDS | |
| Keywords | EBOOK |
| 650 #7 - KEYWORDS | |
| Keywords | Building construction & materials |
| 690 ## - BROAD SUBJECT | |
| 9 (RLIN) | 6273 |
| Broad subject | Valuation |
| 700 1# - ADDED PERSONAL NAME | |
| Added personal author | Parry, Richard |
| Titles and other words associated with a name | (Surveyor). |
| 856 40 - ONLINE RESOURCE | |
| Uniform Resource Identifier | <a href="https://www.vlebooks.com/vleweb/product/openreader?id=RICS&accId=9491556&isbn=9781000617504">https://www.vlebooks.com/vleweb/product/openreader?id=RICS&accId=9491556&isbn=9781000617504</a> |
| Public note | View on VLEbooks. Logins for members only from [email protected] |
| 336 ## - CONTENT TYPE | |
| Content type term | text |
| Source | rdacontent |
| 336 ## - CONTENT TYPE | |
| Content type term | still image |
| Source | rdacontent |
| 337 ## - MEDIA TYPE | |
| Media type term | computer |
| Source | rdamedia |
| 338 ## - CARRIER TYPE | |
| Carrier type term | online resource |
| Source | rdacarrier |
| 588 ## - SOURCE OF DESCRIPTION NOTE | |
| Source of description note | Description based on CIP data; resource not viewed. |
| 776 08 - ADDITIONAL PHYSICAL FORM ENTRY | |
| Display text | Print version : |
| International Standard Book Number | 9780367350789 |
| Lost status | Source of classification or shelving scheme | Damaged status | Not for loan | Home library | Current library | Shelving location | Date acquired | Source of acquisition | Total Checkouts | Full call number | Date last seen | Price effective from | Koha item type |
|---|---|---|---|---|---|---|---|---|---|---|---|---|---|
| Dewey Decimal Classification | Virtual | Virtual | Online | 06/02/2023 | Browns Books | EBOOK | 06/02/2023 | 06/02/2023 | Book |